[Event "Deutsche Ländermeisterschaft 2022"]
[Site "Wiesbaden GER"]
[Date "2022.10.01"]
[Round "1"]
[White "Post, Hugo"]
[Black "Krastev, Alexander"]
[Result "1/2-1/2"]
[Termination "normal"]
[Board "3.1"]
[BlackTitle "IM"]
[WhiteElo "2176"]
[BlackElo "2431"]
[WhiteClock "00:05:12"]
[BlackClock "00:04:49"]
[WhiteTeam "Sachsen-Anhalt"]
[BlackTeam "Nordrhein-Westfalen"]
[PlyCount "139"]
[WhiteFideId "12962490"]
[BlackFideId "12989983"]
[EventCountry "GER"]
[EventRounds "7"]
[EventType "team-swiss"]
[EventDate "2022.09.30"]

1. e4 {[%clk 01:30:57]} {[%emt 00:00:02]} c5 {[%clk 01:30:55]} {[%emt
00:00:05]} 2. Nf3 {[%clk 01:31:20]} {[%emt 00:00:08]} Nc6 {[%clk 01:31:14]}
{[%emt 00:00:10]} 3. d4 {[%clk 01:31:41]} {[%emt 00:00:10]} cxd4 {[%clk
01:31:38]} {[%emt 00:00:05]} 4. Nxd4 {[%clk 01:32:07]} {[%emt 00:00:03]} Nf6
{[%clk 01:32:03]} {[%emt 00:00:05]} 5. Nc3 {[%clk 01:32:28]} {[%emt 00:00:09]}
e6 {[%clk 01:32:27]} {[%emt 00:00:07]} 6. Ndb5 {[%clk 01:32:11]} {[%emt
00:00:48]} Bc5 {[%clk 01:32:41]} {[%emt 00:00:15]} 7. Bf4 {[%clk 01:32:08]}
{[%emt 00:00:33]} O-O {[%clk 01:33:03]} {[%emt 00:00:08]} 8. Bc7 {[%clk
01:32:22]} {[%emt 00:00:16]} Qe7 {[%clk 01:33:27]} {[%emt 00:00:06]} 9. Bd6
{[%clk 01:32:43]} {[%emt 00:00:09]} Bxd6 {[%clk 01:33:52]} {[%emt 00:00:05]}
10. Qxd6 {[%clk 01:33:03]} {[%emt 00:00:09]} Qd8 {[%clk 01:34:18]} {[%emt
00:00:04]} 11. Nc7 {[%clk 01:33:03]} {[%emt 00:00:31]} Rb8 {[%clk 01:34:43]}
{[%emt 00:00:04]} 12. Be2 {[%clk 01:32:31]} {[%emt 00:01:01]} b5 {[%clk
01:35:07]} {[%emt 00:00:05]} 13. e5 {[%clk 01:31:42]} {[%emt 00:01:20]} Ne8
{[%clk 01:35:28]} {[%emt 00:00:09]} 14. Nxe8 {[%clk 01:32:02]} {[%emt
00:00:10]} Rxe8 {[%clk 01:35:54]} {[%emt 00:00:04]} 15. O-O {[%clk 01:30:38]}
{[%emt 00:01:54]} b4 {[%clk 01:35:58]} {[%emt 00:00:25]} 16. Ne4 {[%clk
01:30:29]} {[%emt 00:00:39]} Bb7 {[%clk 01:36:18]} {[%emt 00:00:11]} 17. Qc5
{[%clk 01:25:19]} {[%emt 00:05:40]} Rf8 {[%clk 01:36:34]} {[%emt 00:00:15]} 18.
Rad1 {[%clk 01:21:20]} {[%emt 00:04:29]} Ne7 {[%clk 01:30:18]} {[%emt
00:06:45]} 19. Nd6 {[%clk 01:17:34]} {[%emt 00:04:15]} Bd5 {[%clk 01:26:30]}
{[%emt 00:04:18]} 20. Qe3 {[%clk 01:12:02]} {[%emt 00:06:03]} Qb6 {[%clk
01:14:58]} {[%emt 00:12:01]} 21. Qg3 {[%clk 01:03:31]} {[%emt 00:09:02]} f6
{[%clk 00:57:52]} {[%emt 00:17:36]} 22. Bd3 {[%clk 01:00:14]} {[%emt 00:03:47]}
fxe5 {[%clk 00:55:50]} {[%emt 00:02:32]} 23. Qxe5 {[%clk 00:52:44]} {[%emt
00:08:00]} Rf6 {[%clk 00:54:49]} {[%emt 00:01:32]} 24. c4 {[%clk 00:41:28]}
{[%emt 00:11:46]} bxc3 {[%clk 00:45:31]} {[%emt 00:09:47]} 25. bxc3 {[%clk
00:41:51]} {[%emt 00:00:08]} Ng6 {[%clk 00:26:41]} {[%emt 00:19:20]} 26. Bxg6
{[%clk 00:22:25]} {[%emt 00:19:56]} Rxg6 {[%clk 00:23:11]} {[%emt 00:04:00]}
27. Ne4 {[%clk 00:20:08]} {[%emt 00:02:47]} Rg4 {[%clk 00:16:26]} {[%emt
00:07:15]} 28. Rd4 {[%clk 00:14:01]} {[%emt 00:06:37]} d6 {[%clk 00:10:04]}
{[%emt 00:06:52]} 29. Qh5 {[%clk 00:14:23]} {[%emt 00:00:08]} Rxe4 {[%clk
00:10:18]} {[%emt 00:00:16]} 30. Rxd5 {[%clk 00:14:50]} {[%emt 00:00:03]} Rf8
{[%clk 00:07:25]} {[%emt 00:03:24]} 31. Qd1 {[%clk 00:12:59]} {[%emt 00:02:21]}
Rd8 {[%clk 00:05:42]} {[%emt 00:02:13]} 32. Qd3 {[%clk 00:13:12]} {[%emt
00:00:17]} Rf4 {[%clk 00:04:14]} {[%emt 00:01:58]} 33. Rh5 {[%clk 00:12:51]}
{[%emt 00:00:50]} g6 {[%clk 00:04:15]} {[%emt 00:00:29]} 34. Rg5 {[%clk
00:12:17]} {[%emt 00:01:04]} e5 {[%clk 00:02:21]} {[%emt 00:02:24]} 35. h4
{[%clk 00:10:49]} {[%emt 00:01:59]} Rf6 {[%clk 00:01:57]} {[%emt 00:00:54]} 36.
Qd5+ {[%clk 00:04:55]} {[%emt 00:06:23]} Kg7 {[%clk 00:02:19]} {[%emt
00:00:08]} 37. Rg4 {[%clk 00:05:12]} {[%emt 00:00:13]} Rdf8 {[%clk 00:01:42]}
{[%emt 00:01:07]} 38. Rb4 {[%clk 00:04:37]} {[%emt 00:01:06]} Rxf2 {[%clk
00:01:57]} {[%emt 00:00:15]} 39. Rxb6 {[%clk 00:04:45]} {[%emt 00:00:22]} Rxf1+
{[%clk 00:02:24]} {[%emt 00:00:03]} 40. Kh2 {[%clk 00:05:11]} {[%emt 00:00:04]}
axb6 {[%clk 00:02:48]} {[%emt 00:00:06]} 41. Qxd6 {[%clk 00:05:28]} {[%emt
00:00:13]} R1f6 {[%clk 00:14:20]} {[%emt 00:18:57]} 42. Qxe5 {[%clk 00:35:49]}
{[%emt 00:00:09]} h5 {[%clk 00:14:46]} {[%emt 00:00:04]} 43. c4 {[%clk
00:30:20]} {[%emt 00:05:59]} R8f7 {[%clk 00:14:31]} {[%emt 00:00:46]} 44. c5
{[%clk 00:23:44]} {[%emt 00:07:06]} bxc5 {[%clk 00:14:47]} {[%emt 00:00:14]}
45. Qxc5 {[%clk 00:24:05]} {[%emt 00:00:08]} Ra6 {[%clk 00:15:07]} {[%emt
00:00:09]} 46. Qe5+ {[%clk 00:23:23]} {[%emt 00:01:13]} Kh7 {[%clk 00:15:28]}
{[%emt 00:00:10]} 47. Qd5 {[%clk 00:14:23]} {[%emt 00:09:29]} Rfa7 {[%clk
00:15:47]} {[%emt 00:00:11]} 48. Qd8 {[%clk 00:12:26]} {[%emt 00:02:28]} Rxa2
{[%clk 00:16:05]} {[%emt 00:00:12]} 49. Qd4 {[%clk 00:12:28]} {[%emt 00:00:27]}
Rf7 {[%clk 00:13:18]} {[%emt 00:03:17]} 50. Qe4 {[%clk 00:12:07]} {[%emt
00:00:51]} Raa7 {[%clk 00:13:00]} {[%emt 00:00:48]} 51. Qd4 {[%clk 00:11:50]}
{[%emt 00:00:47]} Rae7 {[%clk 00:13:18]} {[%emt 00:00:13]} 52. Kh3 {[%clk
00:10:20]} {[%emt 00:02:00]} Re1 {[%clk 00:09:42]} {[%emt 00:04:05]} 53. Kh2
{[%clk 00:09:19]} {[%emt 00:01:31]} Ref1 {[%clk 00:08:47]} {[%emt 00:01:24]}
54. Qd8 {[%clk 00:07:08]} {[%emt 00:02:42]} R1f4 {[%clk 00:09:06]} {[%emt
00:00:11]} 55. Kh3 {[%clk 00:06:52]} {[%emt 00:00:46]} Re4 {[%clk 00:08:31]}
{[%emt 00:01:05]} 56. Qd5 {[%clk 00:04:39]} {[%emt 00:02:43]} Rfe7 {[%clk
00:06:35]} {[%emt 00:02:26]} 57. Qg5 {[%clk 00:04:48]} {[%emt 00:00:21]} Kg7
{[%clk 00:04:59]} {[%emt 00:02:07]} 58. Qc5 {[%clk 00:04:33]} {[%emt 00:00:44]}
Rd7 {[%clk 00:04:45]} {[%emt 00:00:44]} 59. Qc3+ {[%clk 00:03:59]} {[%emt
00:01:05]} Red4 {[%clk 00:04:15]} {[%emt 00:01:00]} 60. Qc5 {[%clk 00:04:16]}
{[%emt 00:00:12]} R4d5 {[%clk 00:04:24]} {[%emt 00:00:20]} 61. Qc3+ {[%clk
00:04:42]} {[%emt 00:00:05]} Kh7 {[%clk 00:04:20]} {[%emt 00:00:34]} 62. Qf6
{[%clk 00:05:06]} {[%emt 00:00:06]} Rf5 {[%clk 00:04:42]} {[%emt 00:00:08]} 63.
Qe6 {[%clk 00:05:20]} {[%emt 00:00:15]} Ra7 {[%clk 00:05:06]} {[%emt 00:00:06]}
64. Qd6 {[%clk 00:05:27]} {[%emt 00:00:23]} Rff7 {[%clk 00:05:17]} {[%emt
00:00:20]} 65. Kh2 {[%clk 00:05:37]} {[%emt 00:00:20]} Rad7 {[%clk 00:04:34]}
{[%emt 00:01:14]} 66. Qe6 {[%clk 00:05:06]} {[%emt 00:01:01]} Rde7 {[%clk
00:05:00]} {[%emt 00:00:03]} 67. Qd6 {[%clk 00:05:25]} {[%emt 00:00:11]} Re2
{[%clk 00:05:03]} {[%emt 00:00:28]} 68. Kh3 {[%clk 00:04:53]} {[%emt 00:01:02]}
Re3+ {[%clk 00:04:23]} {[%emt 00:01:09]} 69. Kh2 {[%clk 00:05:16]} {[%emt
00:00:06]} Re4 {[%clk 00:04:49]} {[%emt 00:00:04]} 70. Qd8 {[%clk 00:05:12]}
{[%emt 00:00:34]} *

[Event "Deutsche Ländermeisterschaft 2022"]
[Site "Wiesbaden GER"]
[Date "2022.10.01"]
[Round "1"]
[White "Leonard, Timo"]
[Black "Pikalow, Michael"]
[Result "1/2-1/2"]
[Termination "normal"]
[Board "3.2"]
[WhiteElo "2067"]
[BlackElo "2037"]
[WhiteTeam "Nordrhein-Westfalen"]
[BlackTeam "Sachsen-Anhalt"]
[PlyCount "57"]
[WhiteFideId "16208757"]
[BlackFideId "16227638"]
[EventCountry "GER"]
[EventRounds "7"]
[EventType "team-swiss"]
[EventDate "2022.09.30"]

1. d4 {[%emt 00:18:56]} Nf6 {[%emt 00:00:14]} 2. c4 {[%emt 00:00:03]} c5 {[%emt
00:00:03]} 3. d5 {[%emt 00:00:03]} b5 {[%emt 00:00:02]} 4. cxb5 {[%emt
00:00:30]} a6 {[%emt 00:00:04]} 5. bxa6 {[%emt 00:00:09]} g6 {[%emt 00:00:21]}
6. Nc3 {[%emt 00:00:06]} Bg7 {[%emt 00:00:03]} 7. e4 {[%emt 00:02:50]} O-O
{[%emt 00:00:06]} 8. Bc4 {[%emt 00:00:24]} e6 {[%emt 00:12:09]} 9. Nf3 {[%emt
00:19:22]} exd5 {[%emt 00:03:05]} 10. Nxd5 {[%emt 00:00:27]} Nxd5 {[%emt
00:15:07]} 11. Qxd5 {[%emt 00:03:25]} Nc6 {[%emt 00:01:49]} 12. O-O {[%emt
00:02:31]} Bxa6 {[%emt 00:11:41]} 13. Qxc5 {[%emt 00:19:54]} Qa5 {[%emt
00:08:16]} 14. Qxa5 {[%emt 00:00:59]} Nxa5 {[%emt 00:03:28]} 15. Bxa6 {[%emt
00:00:07]} Rxa6 {[%emt 00:00:02]} 16. Nd2 {[%emt 00:08:12]} Rb8 {[%emt
00:00:57]} 17. Rb1 {[%emt 00:02:04]} Nc6 {[%emt 00:02:23]} 18. a3 {[%emt
00:03:52]} Nd4 {[%emt 00:00:07]} 19. Re1 {[%emt 00:03:12]} Nb3 {[%emt
00:08:01]} 20. Nxb3 {[%emt 00:17:08]} Rxb3 {[%emt 00:01:55]} 21. Ra1 {[%emt
00:01:02]} Rc6 {[%emt 00:17:13]} 22. e5 {[%emt 00:06:58]} Re6 {[%emt 00:05:32]}
23. Bf4 {[%emt 00:02:59]} Rxb2 {[%emt 00:01:03]} 24. a4 {[%emt 00:01:16]} Rb4
{[%emt 00:02:31]} 25. g3 {[%emt 00:00:36]} Ra6 {[%emt 00:00:25]} 26. Reb1
{[%emt 00:03:38]} Raxa4 {[%emt 00:01:12]} 27. Rxa4 {[%emt 00:00:17]} Rxb1+
{[%emt 00:00:02]} 28. Kg2 {[%emt 00:00:04]} f6 {[%emt 00:00:42]} 29. Ra5 {[%emt
00:01:57]} 1/2-1/2

[Event "Deutsche Ländermeisterschaft 2022"]
[Site "Wiesbaden GER"]
[Date "2022.10.01"]
[Round "1"]
[White "Haubold, Sebastian"]
[Black "Gluma, Christian"]
[Result "1-0"]
[Termination "normal"]
[Board "3.3"]
[WhiteElo "2039"]
[BlackElo "2107"]
[WhiteClock "00:17:54"]
[BlackClock "00:11:57"]
[WhiteTeam "Sachsen-Anhalt"]
[BlackTeam "Nordrhein-Westfalen"]
[PlyCount "65"]
[WhiteFideId "16259637"]
[BlackFideId "16223209"]
[EventCountry "GER"]
[EventRounds "7"]
[EventType "team-swiss"]
[EventDate "2022.09.30"]

1. e4 {[%clk 01:30:54]} {[%emt 00:00:06]} g6 {[%clk 01:30:52]} {[%emt
00:00:08]} 2. d4 {[%clk 01:31:19]} {[%emt 00:00:05]} Bg7 {[%clk 01:31:18]}
{[%emt 00:00:04]} 3. Nf3 {[%clk 01:31:43]} {[%emt 00:00:06]} c6 {[%clk
01:31:31]} {[%emt 00:00:17]} 4. h3 {[%clk 01:32:08]} {[%emt 00:00:05]} d5
{[%clk 01:31:46]} {[%emt 00:00:14]} 5. e5 {[%clk 01:32:18]} {[%emt 00:00:20]}
f6 {[%clk 01:31:21]} {[%emt 00:00:55]} 6. c4 {[%clk 01:32:29]} {[%emt
00:00:19]} e6 {[%clk 01:27:26]} {[%emt 00:04:25]} 7. exf6 {[%clk 01:24:39]}
{[%emt 00:08:20]} Nxf6 {[%clk 01:27:20]} {[%emt 00:00:36]} 8. Nc3 {[%clk
01:24:29]} {[%emt 00:00:40]} O-O {[%clk 01:24:30]} {[%emt 00:03:21]} 9. Bd3
{[%clk 01:19:15]} {[%emt 00:05:43]} Nbd7 {[%clk 01:21:33]} {[%emt 00:03:27]}
10. O-O {[%clk 01:16:25]} {[%emt 00:03:20]} Ne8 {[%clk 01:07:00]} {[%emt
00:15:02]} 11. Qe2 {[%clk 01:06:04]} {[%emt 00:10:51]} Ndf6 {[%clk 01:02:33]}
{[%emt 00:04:57]} 12. c5 {[%clk 00:55:58]} {[%emt 00:10:35]} b6 {[%clk
00:56:32]} {[%emt 00:06:31]} 13. b4 {[%clk 00:50:57]} {[%emt 00:05:31]} a5
{[%clk 00:48:57]} {[%emt 00:08:05]} 14. Na4 {[%clk 00:49:09]} {[%emt 00:02:18]}
b5 {[%clk 00:39:01]} {[%emt 00:10:26]} 15. Nb6 {[%clk 00:49:31]} {[%emt
00:00:07]} Ra7 {[%clk 00:39:09]} {[%emt 00:00:21]} 16. Ne5 {[%clk 00:48:17]}
{[%emt 00:01:46]} Qc7 {[%clk 00:37:25]} {[%emt 00:02:14]} 17. a4 {[%clk
00:39:19]} {[%emt 00:09:27]} Nd7 {[%clk 00:30:00]} {[%emt 00:07:55]} 18. Nxc8
{[%clk 00:36:59]} {[%emt 00:02:50]} Qxc8 {[%clk 00:26:17]} {[%emt 00:04:13]}
19. Nxc6 {[%clk 00:36:57]} {[%emt 00:00:32]} Qxc6 {[%clk 00:25:42]} {[%emt
00:01:04]} 20. axb5 {[%clk 00:37:20]} {[%emt 00:00:07]} Qc8 {[%clk 00:23:09]}
{[%emt 00:03:04]} 21. Qxe6+ {[%clk 00:36:45]} {[%emt 00:01:04]} Kh8 {[%clk
00:22:59]} {[%emt 00:00:41]} 22. Qxd5 {[%clk 00:36:12]} {[%emt 00:01:03]} Qa8
{[%clk 00:20:38]} {[%emt 00:02:51]} 23. Qxa8 {[%clk 00:28:10]} {[%emt
00:08:32]} Rxa8 {[%clk 00:20:58]} {[%emt 00:00:10]} 24. Be3 {[%clk 00:28:28]}
{[%emt 00:00:11]} a4 {[%clk 00:18:42]} {[%emt 00:02:46]} 25. Be4 {[%clk
00:27:18]} {[%emt 00:01:40]} Rb8 {[%clk 00:17:08]} {[%emt 00:02:05]} 26. Bc6
{[%clk 00:25:55]} {[%emt 00:01:53]} Rf7 {[%clk 00:17:01]} {[%emt 00:00:37]} 27.
Rxa4 {[%clk 00:26:00]} {[%emt 00:00:24]} Nf8 {[%clk 00:15:43]} {[%emt
00:01:49]} 28. Rfa1 {[%clk 00:19:25]} {[%emt 00:07:05]} Nc7 {[%clk 00:15:12]}
{[%emt 00:01:01]} 29. Ra7 {[%clk 00:19:03]} {[%emt 00:00:52]} Kg8 {[%clk
00:15:32]} {[%emt 00:00:11]} 30. b6 {[%clk 00:18:13]} {[%emt 00:01:20]} Nce6
{[%clk 00:15:58]} {[%emt 00:00:05]} 31. Ra8 {[%clk 00:17:37]} {[%emt 00:01:04]}
Bxd4 {[%clk 00:12:36]} {[%emt 00:03:54]} 32. Bxd4 {[%clk 00:17:46]} {[%emt
00:00:21]} Nxd4 {[%clk 00:11:57]} {[%emt 00:01:09]} 33. Bd5 {[%clk 00:17:54]}
{[%emt 00:00:22]} 1-0

[Event "Deutsche Ländermeisterschaft 2022"]
[Site "Wiesbaden GER"]
[Date "2022.10.01"]
[Round "1"]
[White "Besou, Hussain"]
[Black "Haubold, Christian"]
[Result "1/2-1/2"]
[Termination "normal"]
[Board "3.4"]
[WhiteElo "2119"]
[BlackElo "1888"]
[WhiteClock "00:30:08"]
[BlackClock "00:01:57"]
[WhiteTeam "Nordrhein-Westfalen"]
[BlackTeam "Sachsen-Anhalt"]
[PlyCount "134"]
[WhiteFideId "16269950"]
[BlackFideId "16259629"]
[EventCountry "GER"]
[EventRounds "7"]
[EventType "team-swiss"]
[EventDate "2022.09.30"]

1. d4 {[%clk 01:30:58]} Nf6 {[%clk 01:30:52]} {[%emt 00:00:08]} 2. c4 {[%clk
01:31:25]} {[%emt 00:00:04]} g6 {[%clk 01:31:14]} {[%emt 00:00:08]} 3. Nc3
{[%clk 01:31:50]} {[%emt 00:00:05]} Bg7 {[%clk 01:31:35]} {[%emt 00:00:09]} 4.
e4 {[%clk 01:32:15]} {[%emt 00:00:05]} d6 {[%clk 01:31:49]} {[%emt 00:00:16]}
5. h3 {[%clk 01:32:38]} {[%emt 00:00:07]} O-O {[%clk 01:31:45]} {[%emt
00:00:34]} 6. Nf3 {[%clk 01:33:02]} {[%emt 00:00:05]} e5 {[%clk 01:28:43]}
{[%emt 00:03:34]} 7. d5 {[%clk 01:33:25]} {[%emt 00:00:06]} Na6 {[%clk
01:27:39]} {[%emt 00:01:34]} 8. Be3 {[%clk 01:33:28]} {[%emt 00:00:26]} Nc5
{[%clk 01:23:41]} {[%emt 00:04:29]} 9. Nd2 {[%clk 01:29:29]} {[%emt 00:04:29]}
a5 {[%clk 01:23:06]} {[%emt 00:01:05]} 10. g4 {[%clk 01:29:49]} {[%emt
00:00:09]} Qe8 {[%clk 01:10:54]} {[%emt 00:12:43]} 11. Be2 {[%clk 01:27:30]}
{[%emt 00:02:49]} c6 {[%clk 01:07:31]} {[%emt 00:03:54]} 12. h4 {[%clk
01:26:16]} {[%emt 00:01:43]} Rb8 {[%clk 01:00:59]} {[%emt 00:07:02]} 13. h5
{[%clk 01:21:51]} {[%emt 00:04:55]} cxd5 {[%clk 00:51:33]} {[%emt 00:09:57]}
14. cxd5 {[%clk 01:20:09]} {[%emt 00:02:12]} b5 {[%clk 00:48:47]} {[%emt
00:03:16]} 15. g5 {[%clk 01:17:31]} {[%emt 00:03:07]} Nxh5 {[%clk 00:34:31]}
{[%emt 00:14:46]} 16. Bxc5 {[%clk 01:06:42]} {[%emt 00:11:19]} dxc5 {[%clk
00:34:21]} {[%emt 00:00:40]} 17. Bxh5 {[%clk 01:07:05]} {[%emt 00:00:06]} f5
{[%clk 00:28:54]} {[%emt 00:05:58]} 18. gxf6 {[%clk 01:05:25]} {[%emt
00:02:10]} Rxf6 {[%clk 00:28:25]} {[%emt 00:00:59]} 19. Bf3 {[%clk 01:04:04]}
{[%emt 00:01:51]} c4 {[%clk 00:26:33]} {[%emt 00:02:23]} 20. a4 {[%clk
01:00:17]} {[%emt 00:04:17]} b4 {[%clk 00:25:05]} {[%emt 00:01:58]} 21. Nb5
{[%clk 00:59:43]} {[%emt 00:01:04]} Qf8 {[%clk 00:24:46]} {[%emt 00:00:49]} 22.
Qe2 {[%clk 00:40:45]} {[%emt 00:19:28]} c3 {[%clk 00:16:48]} {[%emt 00:08:28]}
23. bxc3 {[%clk 00:41:08]} {[%emt 00:00:07]} bxc3 {[%clk 00:17:14]} {[%emt
00:00:04]} 24. Nxc3 {[%clk 00:41:31]} {[%emt 00:00:06]} Bh6 {[%clk 00:16:12]}
{[%emt 00:01:32]} 25. Rxh6 {[%clk 00:40:08]} {[%emt 00:01:53]} Qxh6 {[%clk
00:14:54]} {[%emt 00:01:48]} 26. Qe3 {[%clk 00:32:21]} {[%emt 00:08:16]} Qh2
{[%clk 00:11:03]} {[%emt 00:04:18]} 27. O-O-O {[%clk 00:28:56]} {[%emt
00:03:58]} Qh3 {[%clk 00:06:42]} {[%emt 00:04:47]} 28. Be2 {[%clk 00:25:06]}
{[%emt 00:04:24]} Qd7 {[%clk 00:04:54]} {[%emt 00:02:18]} 29. Bb5 {[%clk
00:24:58]} {[%emt 00:00:38]} Qd6 {[%clk 00:05:10]} {[%emt 00:00:14]} 30. Kc2
{[%clk 00:23:27]} {[%emt 00:02:02]} Qc7 {[%clk 00:04:23]} {[%emt 00:01:18]} 31.
f3 {[%clk 00:18:28]} {[%emt 00:05:28]} Ba6 {[%clk 00:03:55]} {[%emt 00:00:57]}
32. Bc6 {[%clk 00:18:22]} {[%emt 00:00:36]} Rb4 {[%clk 00:02:45]} {[%emt
00:01:40]} 33. Qc5 {[%clk 00:17:49]} {[%emt 00:01:04]} Qb8 {[%clk 00:02:40]}
{[%emt 00:00:34]} 34. Bb5 {[%clk 00:18:07]} {[%emt 00:00:13]} Bxb5 {[%clk
00:01:42]} {[%emt 00:01:29]} 35. axb5 {[%clk 00:18:23]} {[%emt 00:00:13]} g5
{[%clk 00:01:16]} {[%emt 00:00:57]} 36. Qe7 {[%clk 00:18:01]} {[%emt 00:00:51]}
Qd6 {[%clk 00:01:00]} {[%emt 00:00:47]} 37. Qxd6 {[%clk 00:18:12]} {[%emt
00:00:18]} Rxd6 {[%clk 00:01:28]} {[%emt 00:00:02]} 38. Nb3 {[%clk 00:18:20]}
{[%emt 00:00:22]} a4 {[%clk 00:01:15]} {[%emt 00:00:44]} 39. Na5 {[%clk
00:18:40]} {[%emt 00:00:10]} a3 {[%clk 00:01:08]} {[%emt 00:00:38]} 40. Ra1
{[%clk 00:18:54]} {[%emt 00:00:15]} Rb2+ {[%clk 00:01:19]} {[%emt 00:00:19]}
41. Kd3 {[%clk 00:19:19]} {[%emt 00:00:05]} Rf6 {[%clk 00:00:48]} {[%emt
00:01:00]} 42. Kc4 {[%clk 00:16:34]} {[%emt 00:03:17]} Rxf3 {[%clk 00:19:35]}
{[%emt 00:11:43]} 43. d6 {[%clk 00:44:58]} {[%emt 00:02:06]} Rc2 {[%clk
00:05:39]} {[%emt 00:14:26]} 44. Rxa3 {[%clk 00:45:02]} {[%emt 00:00:26]} Rf6
{[%clk 00:05:44]} {[%emt 00:00:25]} 45. Nb7 {[%clk 00:44:20]} {[%emt 00:01:11]}
Rf7 {[%clk 00:04:30]} {[%emt 00:01:44]} 46. Nc5 {[%clk 00:44:40]} {[%emt
00:00:10]} Rd2 {[%clk 00:04:30]} {[%emt 00:00:30]} 47. Nd5 {[%clk 00:44:36]}
{[%emt 00:00:35]} Rd4+ {[%clk 00:03:59]} {[%emt 00:01:01]} 48. Kb3 {[%emt
00:01:08]} Rf3+ 49. Nc3 {[%clk 00:44:31]} {[%emt 00:00:07]} Rxd6 {[%clk
00:04:39]} {[%emt 00:00:10]} 50. N5a4 {[%clk 00:37:08]} {[%emt 00:07:52]} g4
{[%clk 00:03:14]} {[%emt 00:01:55]} 51. b6 {[%clk 00:37:24]} {[%emt 00:00:15]}
g3 {[%clk 00:01:59]} {[%emt 00:01:45]} 52. b7 {[%clk 00:36:48]} {[%emt
00:01:05]} Rd8 {[%clk 00:01:34]} {[%emt 00:00:56]} 53. Ra1 {[%clk 00:35:05]}
{[%emt 00:02:13]} g2 {[%clk 00:01:19]} {[%emt 00:00:44]} 54. Rg1 {[%clk
00:35:30]} {[%emt 00:00:05]} Rg3 {[%clk 00:01:43]} {[%emt 00:00:05]} 55. Kc4
{[%clk 00:35:17]} {[%emt 00:00:44]} h5 {[%clk 00:01:44]} {[%emt 00:00:30]} 56.
Nd5 {[%clk 00:35:40]} {[%emt 00:00:07]} Kf7 {[%clk 00:01:38]} {[%emt 00:00:36]}
57. Nab6 {[%clk 00:35:00]} {[%emt 00:01:10]} Rb8 {[%clk 00:01:26]} {[%emt
00:00:42]} 58. Nd7 {[%clk 00:35:11]} {[%emt 00:00:19]} Rxb7 {[%clk 00:01:54]}
{[%emt 00:00:02]} 59. Nxe5+ {[%clk 00:35:32]} {[%emt 00:00:08]} Ke6 {[%clk
00:02:07]} {[%emt 00:00:17]} 60. Nd3 {[%clk 00:35:38]} {[%emt 00:00:24]} h4
{[%clk 00:01:47]} {[%emt 00:00:51]} 61. N5f4+ {[%clk 00:32:28]} {[%emt
00:03:40]} Ke7 {[%clk 00:01:49]} {[%emt 00:00:26]} 62. Nf2 {[%clk 00:28:08]}
{[%emt 00:04:52]} Rb2 {[%clk 00:01:10]} {[%emt 00:01:08]} 63. Rxg2 {[%clk
00:28:28]} {[%emt 00:00:10]} Rxg2 {[%clk 00:01:31]} {[%emt 00:00:10]} 64. Nxg2
{[%clk 00:28:54]} {[%emt 00:00:04]} Rxf2 {[%clk 00:01:54]} {[%emt 00:00:06]}
65. Nxh4 {[%clk 00:29:20]} {[%emt 00:00:04]} Ke6 {[%clk 00:01:56]} {[%emt
00:00:28]} 66. Kd4 {[%clk 00:29:44]} {[%emt 00:00:06]} Rd2+ {[%clk 00:02:03]}
{[%emt 00:00:22]} 67. Ke3 {[%clk 00:30:08]} {[%emt 00:00:07]} Ra2 {[%clk
00:01:57]} {[%emt 00:00:36]} 1/2-1/2